Información básica del sector agropecuario y de recursos naturales renovables de Costa Rica (número 2)

Збережено в:
Бібліографічні деталі
Співавтор: Costa Rica. Secretaría Ejecutiva de Planificación sectorial Agropecuaria y de Recursos Naturales Renovables
Формат: Текст
Опубліковано: San José: SEPSA
Предмети:
Теги: Додати тег
Немає тегів, Будьте першим, хто поставить тег для цього запису!

MARC

LEADER 00000 a a2200000 04500
001 14239
003
040
090 |a 013600  
110 |a Costa Rica. Secretaría Ejecutiva de Planificación sectorial Agropecuaria y de Recursos Naturales Renovables  
245 |a Información básica del sector agropecuario y de recursos naturales renovables de Costa Rica (número 2)  
260 |a San José:   |b SEPSA  
300 |a 4; 155 p.  
650 |a SECTOR AGROPECUARIO  
999 |c 7886  |d 7886